| LEADER 00000nam 2200000uu 4500 |
| 001 209036 |
| 003 ULIBM |
| 008 130717s||||||||th 000 0 tha d |
| 041 0 ^atha
|
| 050 4 ^aHV5600.55 ส854ร 2556
|
| 100 0 ^aสุรศักดิ์ ไชยสงค์
|
| 245 00 ^aรายงานสถานการณ์การบริโภคเครื่องดื่มที่มีแอลกอฮอล์รายจังหวัด พ.ศ.2554 =Provincial alcohol report 2011./^bคณะผู้จัดทำรายงาน;สุรศักดิ์ ไชยสงค์,กัณณพนต์ ภักดีเศรษฐกุล,ทักษพล ธรรมรังสี
|
| 246 0 ^aProvincial alcohol report 2011
|
| 250 ^aพิมพ์ครั้งที่ 1
|
| 260 ^aนนทบุรี : ^bศูนย์วิจัยปัญหาสุรา,^c2556
|
| 300 ^a103 หน้า;^bภาพประกอบ
|
| 650 0 ^aเครื่องดื่มแอลกอฮอล์ ^xการบริโภค.
|
| 650 0 ^aเครื่องดื่มแอลกอฮอล์ ^zไทย ^xวิจัย.
|
| 650 0 ^aการดื่มสุรา
|
| 700 0 ^aกัณณพนต์ ไชยสงค์
|
| 700 0 ^aทักษพล ธรรมรังสี
|
| 710 2 ^aศูนย์วิจัยปัญหาสุรา.
|
| 999 ^aใช้งานได้ทุกระบบ
|